[Event "ch-ISR"]
[Site "Ramat Aviv ISR"]
[Date "2004.09.22"]
[Round "4"]
[White "Zoler,D"]
[Black "Sidorenko,I"]
[Result "0-1"]
[WhiteElo "2518"]
[BlackElo "2283"]
[EventDate "2004.09.19"]

1. d4 Nf6 2. c4 g6 3. g3 Bg7 4. Bg2 O-O 5. Nc3 d6 6. Nf3 Nc6 7. O-O Bf5 8.
Ne1 Qd7 9. e4 Bh3 10. f4 Bxg2 11. Kxg2 e5 12. fxe5 dxe5 13. d5 Nd4 14. Nd3
Ne8 15. Be3 Qe7 16. Qd2 c5 17. b3 b6 18. Rae1 Nd6 19. g4 f6 20. h3 Qd7 21.
Bg1 Rae8 22. Bh2 Nf7 23. Qd1 Kh8 24. Bg3 Rg8 25. Kh2 h5 26. Rf2 hxg4 27.
Qxg4 Qxg4 28. hxg4 Rgf8 29. Kg2 Nh6 30. g5 Ng4 31. gxf6 Bxf6 32. Rb2 Kg7
33. Kh3 Nh6 34. Rf1 Rh8 35. Kg2 Ng4 36. Nd1 Bg5 37. a3 Bh4 38. b4 Bxg3 39.
Kxg3 Nf6 40. Nc3 cxb4 41. axb4 Rh5 42. Rg2 Rf8 43. Ne1 Nxe4+ 44. Nxe4 Rxf1
45. d6 Nf5+ 0-1

[Event "ch-ISR"]
[Site "Ramat Aviv ISR"]
[Date "2004.09.22"]
[Round "4"]
[White "Livshits,G"]
[Black "Gerzhoy,L"]
[Result "1-0"]
[WhiteElo "2415"]
[BlackElo "2376"]
[EventDate "2004.09.19"]

1. e4 c5 2. Nf3 d6 3. d4 cxd4 4. Nxd4 Nf6 5. Nc3 Nc6 6. g3 g6 7. Bg2 Nxd4
8. Qxd4 Bg7 9. O-O O-O 10. Qb4 Nd7 11. Nd5 Ne5 12. a4 Nc6 13. Qb5 Nd4 14.
Qd3 Bg4 15. Re1 Rc8 16. Bg5 Nc6 17. Qd2 Bxb2 18. Rab1 Bg7 19. Rxb7 Re8 20.
h3 Be6 21. Reb1 Bxd5 22. exd5 Nd4 23. Rxa7 Rxc2 24. Qd3 Rc3 25. Qe4 Nf5 26.
Bd2 Rxg3 27. Ba5 Qc8 28. Rc7 Qa8 29. fxg3 Qxa5 30. Rcb7 Nxg3 31. Qb4 Qa6
32. Qb5 Qxb5 33. R1xb5 f5 34. Rb8 Rxb8 35. Rxb8+ Kf7 36. Bf3 f4 37. a5 Bd4+
38. Kg2 Nf5 39. Be4 Ne3+ 40. Kf3 g5 41. Bxh7 Nc4 42. a6 Ne5+ 43. Ke4 Bc5
44. Bg8+ Kf6 45. Be6 f3 46. Bg4 Nxg4 47. hxg4 f2 48. Rf8+ Kg7 49. Rf5 Kg6
50. Kd3 Ba7 51. Ke2 1-0

[Event "ch-ISR"]
[Site "Ramat Aviv ISR"]
[Date "2004.09.22"]
[Round "4"]
[White "Kantarji,P"]
[Black "Shevelev,A"]
[Result "0-1"]
[WhiteElo "2414"]
[BlackElo "2340"]
[EventDate "2004.09.19"]

1. d4 Nf6 2. Nf3 c5 3. e3 cxd4 4. exd4 d5 5. c4 g6 6. Nc3 Bg7 7. c5 O-O 8.
Be2 Ne4 9. Qb3 Nc6 10. Be3 e5 11. Nxe4 dxe4 12. Nxe5 Nxd4 13. Bxd4 Qxd4 14.
Nxf7 Rxf7 15. Bc4 Qxf2+ 16. Kd1 Bxb2 17. Bxf7+ Kg7 0-1

[Event "ch-ISR"]
[Site "Ramat Aviv ISR"]
[Date "2004.09.22"]
[Round "4"]
[White "Klenburg,M"]
[Black "Bykhovsky,An ISR"]
[Result "1-0"]
[WhiteElo "2399"]
[BlackElo "2209"]
[EventDate "2004.09.19"]

1. g3 Nf6 2. Bg2 g6 3. e4 d6 4. d3 Bg7 5. f4 O-O 6. Nf3 c5 7. O-O Nc6 8.
Nc3 Rb8 9. h3 b5 10. g4 b4 11. Ne2 a5 12. Be3 Ba6 13. Rf2 c4 14. Ng3 b3 15.
axb3 cxb3 16. cxb3 d5 17. Rd2 d4 18. Bf2 Nd7 19. e5 f6 20. Rc1 Bb7 21. exf6
Nxf6 22. Ng5 Qd7 23. Rdc2 Rbc8 24. N3e4 Nxe4 25. Nxe4 Nb4 26. Rxc8 Bxc8 27.
Rc5 e6 28. Qd2 Qd8 29. Bg3 Ba6 30. Nf2 Qb6 31. Rc1 Bb7 32. Bxb7 Qxb7 33.
Qe2 e5 34. fxe5 Rf3 35. Ne4 Re3 36. Qg2 Qb8 37. Nd6 Bf8 38. Rc8 Qa7 39. Qf2
Qg7 40. Ne8 Qf7 41. Nf6+ Kg7 42. Rc7 Be7 43. Bh4 Nxd3 44. Ne8+ Kg8 45.
Qxf7+ Kxf7 46. Rxe7+ Kf8 47. Nc7 Rxe5 48. Rxe5 Nxe5 49. Ne6+ 1-0

[Event "ch-ISR"]
[Site "Ramat Aviv ISR"]
[Date "2004.09.22"]
[Round "4"]
[White "Bitansky,I"]
[Black "Porat,S"]
[Result "1/2-1/2"]
[WhiteElo "2377"]
[BlackElo "2431"]
[EventDate "2004.09.19"]

1. e4 c5 2. Nc3 Nc6 3. Bb5 Nd4 4. Ba4 a6 5. d3 g6 6. Nf3 Bg7 7. O-O b5 8.
Bb3 Nxb3 9. axb3 Bb7 10. Re1 d6 11. Bg5 f6 12. Bd2 e5 13. Nd5 Bxd5 14. exd5
Ne7 15. c4 b4 16. Qe2 O-O 17. d4 Nf5 18. dxc5 dxc5 19. Be3 e4 20. Nd2 Nxe3
21. Qxe3 f5 22. Qxc5 Bxb2 23. Ra2 Bc3 24. d6 Qf6 25. Rd1 Rf7 26. Qd5 Re8
27. Rxa6 e3 28. fxe3 Qg5 29. Nf1 Kg7 30. c5 Re5 31. Qxf7+ Kxf7 32. Ra7+ Ke6
33. c6 Rc5 34. d7 Qd8 35. c7 Qxd7 36. Rxd7 Kxd7 37. c8=Q+ Kxc8 38. Rxh7 Be1
39. e4 Rc2 40. exf5 gxf5 41. Rf7 Rb2 42. Rxf5 Rxb3 43. g4 Bc3 44. Kg2 Bd4
45. g5 Rb2+ 46. Kf3 b3 47. Ke4 Bg7 48. Rb5 Rf2 49. Rxb3 Rxf1 1/2-1/2

[Event "ch-ISR"]
[Site "Ramat Aviv ISR"]
[Date "2004.09.22"]
[Round "4"]
[White "Deutsch,E"]
[Black "Kudischewitsch,D"]
[Result "1/2-1/2"]
[WhiteElo "2350"]
[BlackElo "2405"]
[EventDate "2004.09.19"]

1. d4 d5 2. Nf3 c6 3. c4 Nf6 4. Nc3 dxc4 5. a4 Bf5 6. Ne5 Nbd7 7. Nxc4 Nb6
8. Ne5 a5 9. f3 h6 10. e4 Bh7 11. Be3 e6 12. Be2 Bb4 13. O-O Nbd7 14. Nd3
Be7 15. Qb3 Qb6 16. Qxb6 Nxb6 17. Nc5 Ra7 18. Rfd1 Nfd7 19. Nxd7 Nxd7 20.
d5 Bc5 21. Kf2 exd5 22. exd5 O-O 23. Bxc5 Nxc5 24. Bc4 Bc2 25. Rd4 Rd8 26.
Ke3 b6 27. dxc6 Re7+ 28. Ne4 Rc8 29. Bd5 Bb3 30. Kf4 Bxd5 31. Rxd5 Nxe4 32.
fxe4 Rxc6 33. Rad1 Ree6 34. R1d4 Kh7 35. h4 Rf6+ 36. Ke3 Rg6 37. Kf3 Rc2
38. Rd2 Rf6+ 39. Ke3 Rc1 40. Rd1 Rc4 41. R1d4 Rcc6 42. Rd1 Rg6 43. Kf3
1/2-1/2

[Event "ch-ISR"]
[Site "Ramat Aviv ISR"]
[Date "2004.09.22"]
[Round "4"]
[White "Shachar,E"]
[Black "Kataev,Si"]
[Result "1-0"]
[WhiteElo "2394"]
[BlackElo "2286"]
[EventDate "2004.09.19"]

1. e4 d5 2. exd5 Nf6 3. Nf3 Nxd5 4. d4 g6 5. Be2 Bg7 6. O-O O-O 7. c4 Nb6
8. h3 Nc6 9. Be3 e5 10. d5 Ne7 11. Nc3 Nf5 12. Bc5 Re8 13. Ne4 Nd7 14. Ba3
Nd4 15. d6 c6 16. c5 Nxe2+ 17. Qxe2 Nf6 18. Nxf6+ Qxf6 19. Rad1 Bd7 20.
Rfe1 e4 21. Nd2 Qh4 22. Qc4 Qh6 23. Rxe4 Rxe4 24. Nxe4 Re8 25. Ng3 Qg5 26.
b3 b6 27. Qa6 Be5 28. Bc1 Qh4 29. Qxa7 Bxg3 30. Qxd7 Bxf2+ 31. Kh1 Rd8 32.
Qxc6 Bxc5 33. d7 Qe7 34. Qd5 Qe2 35. Bf4 1-0

[Event "ch-ISR"]
[Site "Ramat Aviv ISR"]
[Date "2004.09.22"]
[Round "4"]
[White "Karasik,E"]
[Black "Kaplan,S"]
[Result "1/2-1/2"]
[WhiteElo "2174"]
[BlackElo "2326"]
[EventDate "2004.09.19"]

1. e4 e5 2. Nf3 Nc6 3. Bc4 Nf6 4. Ng5 d5 5. exd5 Na5 6. Bb5+ Bd7 7. Bxd7+
Qxd7 8. Qe2 O-O-O 9. c4 h6 10. Ne4 Nxe4 11. Qxe4 f5 12. Qc2 c6 13. Qa4 Qc7
14. Nc3 e4 15. b3 a6 16. dxc6 Nxc6 17. Nd5 Qe5 18. Rb1 f4 19. b4 f3 20. g3
Rxd5 21. cxd5 Qxd5 22. Qb3 Qd7 23. b5 axb5 24. Qxb5 Bd6 25. a4 Re8 26. Qc5
Kb8 27. h4 Ne5 28. Qd4 Nd3+ 29. Kf1 Qc6 30. Kg1 Nxc1 31. Kh2 Ne2 32. Qxg7
Re7 33. Qg8+ Ka7 34. Rb5 Re8 35. Qg7 Qc7 36. Qxc7 Bxc7 37. Rhb1 b6 38. a5
Re6 39. Kh3 Ka6 40. axb6 Rxb6 41. Rxb6+ Bxb6 42. Rf1 h5 43. g4 Nf4+ 44. Kg3
Ne2+ 45. Kh3 Nf4+ 46. Kg3 Ne2+ 47. Kh3 Nf4+ 1/2-1/2

[Event "ch-ISR"]
[Site "Ramat Aviv ISR"]
[Date "2004.09.25"]
[Round "5"]
[White "Golod,V"]
[Black "Erenburg,S"]
[Result "1/2-1/2"]
[WhiteElo "2538"]
[BlackElo "2533"]
[EventDate "2004.09.19"]

1. d4 d5 2. c4 c6 3. Nf3 Nf6 4. Nc3 dxc4 5. a4 Bf5 6. Ne5 Nbd7 7. Nxc4 Qc7
8. g3 e5 9. dxe5 Nxe5 10. Bf4 Nfd7 11. Bg2 g5 12. Bxe5 Nxe5 13. Qd4 f6 14.
O-O Be7 15. Nxe5 Qxe5 16. e3 1/2-1/2

[Event "ch-ISR"]
[Site "Ramat Aviv ISR"]
[Date "2004.09.25"]
[Round "5"]
[White "Lerner,K"]
[Black "Khmelniker,I"]
[Result "1-0"]
[WhiteElo "2494"]
[BlackElo "2444"]
[EventDate "2004.09.19"]

1. c4 Nf6 2. Nc3 d5 3. cxd5 Nxd5 4. g3 g6 5. Bg2 Nb6 6. d3 Bg7 7. Be3 Nc6
8. Bxc6+ bxc6 9. Qd2 c5 10. Bxc5 Bb7 11. f3 Qd7 12. Be3 h5 13. h4 Rd8 14.
Rc1 Qe6 15. b3 O-O 16. Kf2 Qf5 17. Bh6 Bd4+ 18. Kg2 Rfe8 19. Nh3 Rd7 20.
Ne4 Nd5 21. Rc4 Bb6 22. Rhc1 Ba6 23. Nc5 Bxc4 24. Nxd7 Ba5 25. Qb2 1-0

[Event "ch-ISR"]
[Site "Ramat Aviv ISR"]
[Date "2004.09.25"]
[Round "5"]
[White "Roiz,M"]
[Black "Avrukh,B"]
[Result "1/2-1/2"]
[WhiteElo "2574"]
[BlackElo "2600"]
[EventDate "2004.09.19"]

1. c4 c5 2. Nc3 Nc6 3. Nf3 e5 4. e3 Nf6 5. a3 d6 6. Be2 Be7 7. O-O O-O 8.
d3 h6 9. Rb1 a5 10. Bd2 Be6 11. Qc2 d5 12. cxd5 Nxd5 1/2-1/2

[Event "ch-ISR"]
[Site "Ramat Aviv ISR"]
[Date "2004.09.25"]
[Round "5"]
[White "Huzman,A"]
[Black "Zilberman,Y"]
[Result "1-0"]
[WhiteElo "2588"]
[BlackElo "2430"]
[EventDate "2004.09.19"]

1. d4 Nf6 2. c4 e6 3. Nf3 d5 4. Bg5 Be7 5. Nc3 O-O 6. e3 Nbd7 7. Rc1 c6 8.
a3 dxc4 9. Bxc4 b5 10. Bd3 a6 11. Bxf6 Nxf6 12. Ne4 Bb7 13. Nc5 Bxc5 14.
Rxc5 Nd7 15. Rc3 Qe7 16. Qc2 f5 17. Ke2 g6 18. Rc1 e5 19. Nxe5 Nxe5 20.
dxe5 Qxe5 21. f4 Qe7 22. Qb3+ Kg7 23. Kf2 Rae8 24. Be2 Rf6 25. Qb4 Rd6 26.
g3 Qd7 27. Rc5 Kh6 28. Re5 Rxe5 29. fxe5 Rd5 30. Rc5 Kg7 31. Rxd5 cxd5 32.
Ke1 Kf7 33. Qh4 Ke8 34. Qf6 Qe7 35. Qb6 Bc8 36. Qc6+ Qd7 37. Qc5 Bb7 38.
Kd2 Qe7 39. Qxe7+ Kxe7 40. Kc3 Ke6 41. Kd4 Ba8 42. g4 Bb7 43. g5 Ba8 44. h4
Bb7 45. b4 Ba8 46. Bd1 Bc6 47. Bb3 Ba8 48. Bd1 Bc6 49. Bb3 Bb7 50. a4 Ba8
51. Bd1 Bc6 52. a5 Bb7 53. h5 Ba8 54. h6 Bc6 55. Bf3 Bb7 56. Bh5 Kf7 57.
e6+ 1-0

[Event "ch-ISR"]
[Site "Ramat Aviv ISR"]
[Date "2004.09.25"]
[Round "5"]
[White "Shevelev,A"]
[Black "Postny,E"]
[Result "0-1"]
[WhiteElo "2340"]
[BlackElo "2563"]
[EventDate "2004.09.19"]

1. e4 c5 2. Nf3 d6 3. d4 cxd4 4. Nxd4 Nf6 5. Nc3 a6 6. Be2 g6 7. O-O Bg7 8.
Be3 O-O 9. f4 Qc7 10. a4 Nc6 11. Nb3 Be6 12. g4 Nb4 13. Nd4 Bc4 14. g5 Nd7
15. Nf3 Bxe2 16. Qxe2 Bxc3 17. bxc3 Qxc3 18. Rac1 Rac8 19. Bd4 Qc4 20. Qe3
Nxc2 21. Rxc2 Qxc2 22. h4 e5 23. fxe5 dxe5 24. Bxe5 Rfe8 25. Qd4 Qc5 26.
Qxc5 Rxc5 27. Bd6 Rc4 28. Rb1 b6 29. e5 Rec8 30. Kg2 Rg4+ 31. Kh3 Rxa4 32.
Rb3 Rac4 33. Bb4 a5 34. Bd2 a4 35. Rd3 Nc5 36. Nh2 Ne4 37. Be1 Rc3 38. Bxc3
Rxc3 0-1

[Event "ch-ISR"]
[Site "Ramat Aviv ISR"]
[Date "2004.09.25"]
[Round "5"]
[White "Mikhalevski,V"]
[Black "Klenburg,M"]
[Result "0-1"]
[WhiteElo "2551"]
[BlackElo "2399"]
[EventDate "2004.09.19"]

1. Nf3 c5 2. e4 Nc6 3. d4 cxd4 4. Nxd4 e5 5. Nb5 a6 6. Nd6+ Bxd6 7. Qxd6
Qf6 8. Qd1 Qg6 9. f3 Nge7 10. Nc3 d5 11. Nxd5 Nxd5 12. Qxd5 Be6 13. Qd2 Rd8
14. Qf2 O-O 15. Be3 f5 16. exf5 Bxf5 17. c3 e4 18. f4 Be6 19. Be2 Ne5 20.
O-O Nd3 21. Qh4 Nxb2 22. Rab1 Na4 23. Bd4 Rd7 24. f5 Rxf5 25. Rxf5 Qxf5 26.
Rf1 Qd5 27. Bd1 Nxc3 28. Bxc3 Qc5+ 29. Kh1 Qxc3 30. Qxe4 Qc6 31. Qe5 Qd6
32. Qe1 Re7 33. Qc3 Qc7 34. Qd2 Bc4 35. Bb3 Bxb3 36. axb3 Qd7 37. Qf4 h6
38. Qc4+ Qe6 39. Qc3 Qe4 40. h3 Kh7 0-1

[Event "ch-ISR"]
[Site "Ramat Aviv ISR"]
[Date "2004.09.25"]
[Round "5"]
[White "Sidorenko,I"]
[Black "Kantsler,B"]
[Result "1-0"]
[WhiteElo "2283"]
[BlackElo "2474"]
[EventDate "2004.09.19"]

1. e4 g6 2. d4 Bg7 3. Nc3 d6 4. Be3 a6 5. Qd2 b5 6. f3 Nd7 7. O-O-O Bb7 8.
h4 h5 9. Nh3 c5 10. dxc5 Nxc5 11. Bd4 Bh6 12. Ng5 f6 13. Kb1 Qc8 14. f4 e5
15. Bxc5 dxc5 16. Nxb5 axb5 17. Bxb5+ Kf8 18. Qd6+ Kg7 19. Qd7+ Qxd7 20.
Rxd7+ Ne7 21. Rxe7+ Kg8 22. Rxb7 fxg5 23. Bc4+ 1-0

[Event "ch-ISR"]
[Site "Ramat Aviv ISR"]
[Date "2004.09.25"]
[Round "5"]
[White "Gruenfeld,Y"]
[Black "Livshits,G"]
[Result "0-1"]
[WhiteElo "2471"]
[BlackElo "2415"]
[EventDate "2004.09.19"]

1. e4 c5 2. Nf3 e6 3. d4 cxd4 4. Nxd4 a6 5. Bd3 Bc5 6. Nb3 Be7 7. Be3 d6 8.
f4 Nc6 9. N1d2 Nf6 10. c3 Qc7 11. Qe2 b6 12. g4 e5 13. f5 h5 14. Nc4 Nxg4
15. Nxb6 Rb8 16. Nd5 Bh4+ 17. Kd1 Nxe3+ 18. Qxe3 Qd8 19. Rg1 a5 20. Rxg7 a4
21. Nd2 Rxb2 22. Nc4 Rf2 23. Rb1 Kf8 24. Rg1 Rxh2 25. Qb6 Qd7 26. Rb2 Rh3
27. Bf1 Rf3 28. Rbg2 Ne7 29. Nxe7 Bxe7 30. Qb2 Bb7 31. Qe2 Rxc3 32. Qxh5
Bf6 33. Qe2 Ba6 34. Qb2 Rxc4 35. Bxc4 Bxc4 36. Qb4 Bb5 37. Rd2 Ke7 38. Rg3
Rc8 39. Rb2 Rc5 40. Rc3 Rxc3 41. Qxc3 Bg5 42. Qg3 Bf6 43. Qe3 Bc4 44. Rb8
Qc7 45. Ra8 Qc5 46. Ra7+ Ke8 47. Qxc5 dxc5 48. Rxa4 Bd3 49. Kd2 c4 50. Ra8+
Ke7 51. Ra7+ Kf8 52. a4 Bxe4 53. a5 Bxf5 54. a6 Be4 55. Rc7 Bg5+ 56. Kc3
Be3 57. Kxc4 Bd4 58. a7 Kg7 59. Kb5 Kf6 60. Ka6 Ke6 61. Rc8 f5 62. a8=Q
Bxa8 63. Rxa8 Kd5 64. Kb5 f4 0-1

[Event "ch-ISR"]
[Site "Ramat Aviv ISR"]
[Date "2004.09.25"]
[Round "5"]
[White "Bitansky,I"]
[Black "Gofshtein,Z"]
[Result "0-1"]
[WhiteElo "2377"]
[BlackElo "2540"]
[EventDate "2004.09.19"]

1. e4 e5 2. Nf3 Nc6 3. Bc4 Nf6 4. d3 h6 5. O-O d6 6. c3 g6 7. Re1 Bg7 8. d4
O-O 9. dxe5 dxe5 10. Qc2 Nh5 11. Be3 Qf6 12. Nbd2 Bg4 13. h3 Bd7 14. Rad1
Rad8 15. b4 Nf4 16. Bxf4 Qxf4 17. Nh2 h5 18. Re3 Bh6 19. Ndf1 Bc8 20. Rg3
Kg7 21. Rxd8 Nxd8 22. Ne3 c6 23. Nhf1 Qh4 24. Qd3 Bf4 25. Rf3 Qe7 26. Ng3
h4 27. Ne2 Bg5 28. Bb3 b5 29. c4 Qxb4 30. cxb5 Qxb5 31. Nc4 Be7 32. Nd6
Qxd3 33. Rxd3 Be6 34. f4 Bxb3 35. axb3 exf4 36. Nxf4 Bg5 37. Rf3 Bf6 38.
Kf1 Be5 39. Nc4 Bc7 40. Nd3 Ne6 41. Nde5 c5 42. Rd3 Bxe5 43. Nxe5 Rb8 44.
Rd7 Ng5 45. Rxa7 Rxb3 46. Re7 Rb1+ 47. Ke2 Rb2+ 48. Kf1 Rc2 49. Ra7 c4 50.
Rb7 c3 51. Re7 Nxe4 52. Rxf7+ Kg8 53. Rc7 Rf2+ 54. Kg1 Re2 55. Nxg6 c2 56.
Kh2 Nf2 57. Nxh4 Nd3 58. Rc8+ Kf7 59. Rc7+ Ke8 60. Rc8+ Kd7 61. Rc3 c1=Q
62. Rxd3+ Ke8 63. Rf3 Qg5 0-1

[Event "ch-ISR"]
[Site "Ramat Aviv ISR"]
[Date "2004.09.25"]
[Round "5"]
[White "Gershon,A"]
[Black "Zaltz,D"]
[Result "1-0"]
[WhiteElo "2518"]
[BlackElo "2315"]
[EventDate "2004.09.19"]

1. d4 Nf6 2. c4 g6 3. Nc3 Bg7 4. e4 d6 5. Be2 O-O 6. Nf3 e5 7. Be3 Ng4 8.
Bg5 f6 9. Bh4 g5 10. Bg3 Nh6 11. h3 Nc6 12. d5 Ne7 13. Bh2 Ng6 14. g4 c5
15. Nd2 Nf4 16. Bf1 Nf7 17. Rb1 Bd7 18. b4 b6 19. Bg1 Nh8 20. f3 Rf7 21.
Rh2 Bf8 22. bxc5 dxc5 23. Nb3 h5 24. a4 Rh7 25. a5 hxg4 26. hxg4 Rxh2 27.
Bxh2 Nf7 28. Bg1 Nd6 29. axb6 axb6 30. Na1 Ra3 31. Qc1 Qa8 32. Be3 Be7 33.
Qb2 Ra6 34. Nc2 Qf8 35. Ra1 Rxa1+ 36. Qxa1 Qb8 37. Qa6 Kf7 38. Na4 Bxa4 39.
Qxa4 Qh8 40. Bxf4 gxf4 41. Kd2 Qh2+ 42. Kd3 Qg1 43. Be2 Qf2 44. Qa6 f5 45.
gxf5 Nxe4 46. Qa1 Ng3 47. Qxe5 Bf6 48. Qe6+ Kg7 49. d6 b5 50. cxb5 c4+ 51.
Kxc4 Nxe2 52. Qd7+ Kf8 53. Qc8+ Kg7 54. Qc7+ Kf8 55. d7 Qh4 56. b6 Bd8 57.
Qc5+ Kf7 58. b7 Qf6 59. b8=Q Qc3+ 60. Kb5 Qd3+ 1-0

[Event "ch-ISR"]
[Site "Ramat Aviv ISR"]
[Date "2004.09.25"]
[Round "5"]
[White "Gerzhoy,L"]
[Black "Rinberg,A"]
[Result "1-0"]
[WhiteElo "2376"]
[BlackElo "2336"]
[EventDate "2004.09.19"]

1. d4 Nf6 2. c4 g6 3. Nc3 Bg7 4. e4 d6 5. Be2 O-O 6. Nf3 e5 7. O-O Nc6 8.
d5 Ne7 9. b4 a5 10. Ba3 axb4 11. Bxb4 Nd7 12. a4 Bh6 13. a5 f5 14. Nd2 Kh8
15. Bf3 Ng8 16. Re1 Ngf6 17. Qc2 Rg8 18. Nb3 Bf8 19. exf5 gxf5 20. Qxf5 Be7
21. Qd3 Nf8 22. g3 Ng6 23. Bg2 Qf8 24. Nd2 Nf4 25. Qf1 Qh6 26. Nce4 Ng4 27.
Nf3 Nxg2 28. Qxg2 Bd7 29. h3 Nf6 30. Nxe5 dxe5 31. Bxe7 Nh5 32. Qf3 Rg6 33.
h4 Bg4 34. Qe3 Qg7 35. Bb4 Re8 36. Bc3 Bf5 37. Ng5 Qe7 38. Ne6 1-0

[Event "ch-ISR"]
[Site "Ramat Aviv ISR"]
[Date "2004.09.25"]
[Round "5"]
[White "Kudischewitsch,D"]
[Black "Zoler,D"]
[Result "0-1"]
[WhiteElo "2405"]
[BlackElo "2518"]
[EventDate "2004.09.19"]

1. d4 Nf6 2. Bg5 e6 3. Nd2 h6 4. Bh4 c5 5. e3 b6 6. Ngf3 Bb7 7. h3 Be7 8.
Bd3 cxd4 9. exd4 O-O 10. O-O d6 11. c3 Nbd7 12. Bg3 Re8 13. a4 a6 14. Re1
Qc7 15. Rc1 Bf8 16. Ne4 Nxe4 17. Bxe4 Bxe4 18. Rxe4 Qb7 19. Re2 b5 20. Qb3
d5 21. Ne1 Rec8 22. Nd3 Rc4 23. Ra1 b4 24. f3 Qa7 25. cxb4 Bxb4 26. a5 Be7
27. Ne5 Nxe5 28. Bxe5 Rac8 29. Kh2 Qd7 30. Qe3 Qb5 31. Qf2 Bf8 32. Qe1 R8c6
33. Qf2 Qb4 34. b3 Rc3 35. Rb2 Kh7 36. Rab1 Qxa5 37. Bf4 Qb5 38. b4 R3c4
39. Bd2 Be7 40. Qe3 Bf6 41. Qd3+ g6 42. Ra2 Bxd4 43. Ra5 Qb8+ 44. Kh1 Qg3
0-1

[Event "ch-ISR"]
[Site "Ramat Aviv ISR"]
[Date "2004.09.25"]
[Round "5"]
[White "Porat,S"]
[Black "Shachar,E"]
[Result "1/2-1/2"]
[WhiteElo "2431"]
[BlackElo "2394"]
[EventDate "2004.09.19"]

1. d4 e6 2. c4 f5 3. d5 Bd6 4. Nc3 Nf6 5. Nf3 O-O 6. g3 Ne4 7. Qc2 Na6 8.
a3 Nxc3 9. Qxc3 Nc5 10. Bg2 a5 11. b3 Qe7 12. Bb2 Ne4 13. Qc2 Bc5 14. O-O
exd5 15. cxd5 d6 16. Rad1 Bd7 17. Nd4 Rae8 18. e3 Qf7 19. Qc4 c6 20. dxc6
Qxc4 21. bxc4 bxc6 22. Nb3 Be6 23. Nxc5 dxc5 24. f3 Nf6 25. Rc1 Rb8 26. Be5
Rb3 27. Bd6 Rc8 28. Bxc5 Nd7 29. Bd6 c5 30. f4 Rxa3 31. Bb7 Re8 32. Rfe1
Rd3 33. Bc7 Nf6 34. Bxa5 Bf7 35. Rc3 Rxc3 36. Bxc3 Bxc4 37. Rc1 Bd5 38.
Bxf6 Bxb7 39. Be5 1/2-1/2

[Event "ch-ISR"]
[Site "Ramat Aviv ISR"]
[Date "2004.09.25"]
[Round "5"]
[White "Bykhovsky,An ISR"]
[Black "Krayz,A"]
[Result "1-0"]
[WhiteElo "2209"]
[BlackElo "2424"]
[EventDate "2004.09.19"]

1. d4 Nf6 2. Nf3 e6 3. c4 b6 4. a3 Bb7 5. Nc3 d5 6. Qc2 Nbd7 7. cxd5 exd5
8. Bf4 a6 9. e3 Be7 10. Bd3 O-O 11. O-O Re8 12. b4 Nf8 13. h3 Ne6 14. Bh2
Rc8 15. Rab1 Bf8 16. a4 c6 17. a5 b5 18. Ne5 Bd6 19. Bg3 Nf8 20. f4 Qe7 21.
Na2 Ne4 22. Bxe4 dxe4 23. f5 Rc7 24. Qb3 Nd7 25. Nxd7 Bxg3 26. Nc5 Bc8 27.
Nc3 Qh4 28. Qc2 Rce7 29. Qe2 h5 30. Rbd1 Qg5 31. d5 Bxf5 32. dxc6 Bg4 33.
Qd2 Bxd1 34. Rxd1 Qg6 35. Nd5 Ra7 36. Qd4 Be5 37. Qd2 Qxc6 38. Nxe4 Qg6 39.
Nc5 Qg3 40. Qf2 Qh2+ 41. Kf1 Bd6 42. Qf3 Qe5 43. Nd3 Qg5 44. e4 Raa8 45.
Ne3 Rac8 46. Nf5 Bf8 47. Nf4 Rc4 48. h4 Qg4 49. Nxh5 Rcxe4 50. Nh6+ Kh7 51.
Nxg4 1-0

[Event "ch-ISR"]
[Site "Ramat Aviv ISR"]
[Date "2004.09.25"]
[Round "5"]
[White "Kaplan,S"]
[Black "Deutsch,E"]
[Result "1/2-1/2"]
[WhiteElo "2326"]
[BlackElo "2350"]
[EventDate "2004.09.19"]

1. e4 e6 2. d4 d5 3. Nd2 dxe4 4. Nxe4 Nd7 5. Nf3 Ngf6 6. Nxf6+ Nxf6 7. c3
Be7 8. Bd3 O-O 9. O-O b6 10. Qe2 Bb7 11. Bg5 Nd7 12. Bf4 Bd6 13. Ne5 Nxe5
14. dxe5 Be7 15. Rad1 Qc8 16. Qh5 g6 17. Qh6 Rd8 18. Rfe1 Rd7 19. Bb5 Rxd1
20. Rxd1 a6 21. Be2 Bd5 22. c4 Bc6 23. Bg5 Qf8 24. Qh4 Bxg5 25. Qxg5 Re8
26. h4 Qe7 27. Kh2 Kg7 28. Qxe7 Rxe7 29. c5 a5 30. cxb6 cxb6 31. Rd6 Rc7
32. Kg3 Bd5 33. Rxb6 Bxa2 34. Rb5 a4 35. Bd1 a3 36. bxa3 Rc3+ 37. Bf3 Rxa3
1/2-1/2

[Event "ch-ISR"]
[Site "Ramat Aviv ISR"]
[Date "2004.09.25"]
[Round "5"]
[White "Birnboim,N"]
[Black "Karasik,E"]
[Result "0-1"]
[WhiteElo "2349"]
[BlackElo "2174"]
[EventDate "2004.09.19"]

1. d4 Nf6 2. c4 c5 3. d5 b5 4. Nf3 Bb7 5. a4 b4 6. Nbd2 d6 7. e4 Nbd7 8. g3
e5 9. dxe6 fxe6 10. Bh3 Qe7 11. O-O h6 12. Nh4 Kf7 13. f4 g5 14. f5 gxh4
15. fxe6+ Kg8 16. exd7 Rh7 17. e5 dxe5 18. Bg2 Bxg2 19. Kxg2 Rd8 20. Qc2 e4
21. Rf4 hxg3 22. hxg3 Rf7 23. Nxe4 Nxe4 24. Qxe4 Qxe4+ 25. Rxe4 Rfxd7 26.
Be3 Bg7 27. Rg4 Kh7 28. Rf1 Bxb2 29. Bxh6 Rd1 30. Rh4 Rxf1 31. Kxf1 Kg6 32.
Be3 Bf6 33. Rg4+ Kf5 34. Rf4+ Ke6 35. Bxc5 b3 36. Re4+ Kf5 37. Rf4+ Kg6 38.
Ke2 b2 39. Rf1 a6 40. Bb6 Rd7 41. c5 Bg5 42. Rb1 Rd2+ 43. Kf3 Rc2 44. c6
Bf6 45. Be3 Rxc6 46. Ke2 Rc4 47. Kd3 Rxa4 48. Kc2 Ra3 49. Bf4 a5 50. Rd1 a4
51. Rd6 Rb3 52. Kb1 a3 53. Ra6 Rf3 54. Ka2 Rf1 0-1

[Event "ch-ISR"]
[Site "Ramat Aviv ISR"]
[Date "2004.09.26"]
[Round "6"]
[White "Erenburg,S"]
[Black "Lerner,K"]
[Result "1/2-1/2"]
[WhiteElo "2533"]
[BlackElo "2494"]
[EventDate "2004.09.19"]

1. e4 c5 2. Nf3 d6 3. d4 cxd4 4. Nxd4 Nf6 5. Nc3 a6 6. f3 e6 7. Be3 b5 8.
g4 Nfd7 9. Qd2 Nb6 10. a4 Nxa4 11. Nxa4 bxa4 12. Rxa4 Be7 13. Be2 O-O 14.
O-O Bb7 15. Rfa1 Nd7 16. Nb3 Rb8 17. Ba7 Ra8 18. Bd4 Rb8 19. Qa5 Qc8 20.
Qc3 Qxc3 21. Bxc3 d5 22. e5 Rfc8 23. Bxa6 Bxa6 24. Rxa6 Nc5 25. R6a3 f6 26.
Kf1 Nxb3 27. Rxb3 Rxb3 28. cxb3 fxe5 29. Bxe5 Bf6 30. Re1 Kf7 31. f4 Bxe5
32. Rxe5 Rb8 33. f5 exf5 34. Rxf5+ Ke6 35. Rf3 Ke5 36. Ke2 d4 37. g5 Rb7
38. Kd2 g6 39. h3 1/2-1/2

[Event "ch-ISR"]
[Site "Ramat Aviv ISR"]
[Date "2004.09.26"]
[Round "6"]
[White "Postny,E"]
[Black "Golod,V"]
[Result "1/2-1/2"]
[WhiteElo "2563"]
[BlackElo "2538"]
[EventDate "2004.09.19"]

1. e4 c5 2. Nf3 a6 3. c4 d6 4. d4 Bg4 5. dxc5 Bxf3 6. Qxf3 dxc5 7. e5 Nc6
8. e6 fxe6 9. Qh5+ g6 10. Qxc5 Nd4 11. Na3 Qd6 12. Qxd6 exd6 13. Bd3 Ne7
14. Bf4 Rd8 15. O-O-O Bg7 16. Nc2 Rf8 17. g3 d5 18. Rhe1 dxc4 19. Bxc4 Rc8
20. Nxd4 Rxc4+ 21. Nc2 g5 22. Be3 Nd5 23. Rxd5 exd5 24. Bc5+ Kd7 25. Bxf8
Bxf8 26. Rd1 Ke6 27. f3 Bd6 28. Rd3 1/2-1/2

[Event "ch-ISR"]
[Site "Ramat Aviv ISR"]
[Date "2004.09.26"]
[Round "6"]
[White "Huzman,A"]
[Black "Sidorenko,I"]
[Result "1/2-1/2"]
[WhiteElo "2588"]
[BlackElo "2283"]
[EventDate "2004.09.19"]

1. d4 Nf6 2. c4 g6 3. Nc3 Bg7 4. e4 d6 5. Be2 O-O 6. Nf3 e5 7. Be3 Ng4 8.
Bg5 f6 9. Bh4 g5 10. Bg3 Nh6 11. d5 f5 12. exf5 g4 13. Nd2 Bxf5 14. Nf1 Nd7
15. Ne3 Nc5 16. O-O e4 17. Qd2 Qg5 18. Rad1 a6 19. b4 Nd7 20. c5 Ne5 21.
Bxe5 Bxe5 22. Nxf5 Qxf5 23. Qxh6 Bxc3 24. cxd6 Rf6 25. Qh4 cxd6 26. Bxg4
Qe5 27. f4 exf3 28. Rxf3 Rxf3 29. Bxf3 Rf8 30. Kh1 Qf4 31. Qxf4 Rxf4 32. a3
1/2-1/2

[Event "ch-ISR"]
[Site "Ramat Aviv ISR"]
[Date "2004.09.26"]
[Round "6"]
[White "Livshits,G"]
[Black "Roiz,M"]
[Result "1/2-1/2"]
[WhiteElo "2415"]
[BlackElo "2574"]
[EventDate "2004.09.19"]

1. e4 e6 2. d4 d5 3. Nc3 dxe4 4. Nxe4 Nd7 5. g3 Be7 6. Bg2 Ngf6 7. Nxf6+
Bxf6 8. Nf3 O-O 9. O-O c5 10. c3 cxd4 11. Nxd4 a6 12. Be3 Qc7 13. Qa4 Rb8
14. Nb3 b6 15. Rad1 Rd8 16. Rd2 Bb7 17. Bxb7 Qxb7 18. Rfd1 Nf8 19. Rxd8
Bxd8 20. Nd2 Be7 21. Ne4 b5 22. Qc2 Rc8 23. Bf4 Ng6 24. Bd6 f5 25. Bxe7
Qxe7 26. Nd2 Ne5 27. Re1 Qd6 28. Qb3 Rc5 29. f4 Nc4 30. Nxc4 bxc4 31. Qb7
h6 32. Re2 Kh7 33. Qf3 Ra5 34. a3 Rb5 35. Qe3 Qb6 36. Qxb6 Rxb6 37. Kf2 Kg6
38. Rd2 Kf6 39. h4 g5 40. hxg5+ hxg5 41. Ke3 g4 42. Ke2 Rb7 43. Kf2 Rb8 44.
Kg2 Ke7 45. Kf2 Rb7 46. Ke3 Kf6 47. Kf2 Rb8 48. Kg1 Rb6 49. Kf2 Rb5 50. Ke3
Rb8 51. Kf2 Rb6 52. Ke2 e5 53. Ke3 Re6 54. fxe5+ Kxe5 55. Rd4 Rb6 56. Rxc4
Rxb2 57. Rc5+ Kf6 58. Rc8 Rg2 59. Rf8+ Ke5 60. Re8+ Kf6 61. Rf8+ Ke6 62.
Re8+ Kd5 63. Kf4 Rf2+ 64. Kg5 Rf3 65. Ra8 Ke4 66. Rxa6 Rxc3 67. Ra4+ Kf3
68. Kh4 Kg2 69. Ra5 1/2-1/2